000 00435nam a22001697a 4500
003 MPLRDC
005 20220104142928.0
008 210129b ||||| |||| 00| 0 eng d
082 _a307 YXR
100 _a杨学仁等编著
245 _a科海之舟: 自然科学方法一百例
_c
250 _a一版一刷
260 _a
_b湖北人民出版社
_c1984
300 _b
650 _a通俗科学知识
942 _cBK
_o307 YXR
999 _c34979
_d34969